| 000 | 00973nam a22003137a 4500 | ||
|---|---|---|---|
| 003 | CHAP | ||
| 005 | 20220329134536.0 | ||
| 008 | 971013s1957 r 00010 d | ||
| 010 | _a21895 | ||
| 011 | _a22867 | ||
| 035 | _a26962 | ||
| 040 | _cCHAP | ||
| 090 | _aFolleto 499 | ||
| 100 | 0 | 0 |
_aClemson Agricultural College. _923782 |
| 245 | _aFamiliar trees of South Caroline | ||
| 260 |
_aClemson : _bS.C., _c1957 |
||
| 300 |
_a16 p. _b: ilus. |
||
| 490 |
_aClemson Agricultural College Bulletin _v; 117 |
||
| 590 |
_aBATCH-UPD _b10 _c20130110 _lUCH01 _h1928 |
||
| 590 |
_aBATCH-UPD _b10 _c20130410 _lUCH01 _h1252 |
||
| 590 |
_aBATCH-UPD _b10 _c20130914 _lUCH01 _h1847 |
||
| 590 |
_aCONVERSION _b10 _c20130109 _lUCH01 _h1313 |
||
| 650 | 1 | 4 |
_aÁrboles _xE.U.A. _96592 |
| 650 | 1 | 4 |
_aÁrboles _xIdentificación. _982437 |
| 830 | 0 |
_aClemson Agricultural College Bulletin _v; 117 _923783 |
|
| 901 | _aBK | ||
| 942 | _cFOLL | ||
| 949 |
_aFolleto 499 _bBC _cFOLL _d-62360 _eTS1 _i26962 _si |
||
| 999 |
_c21895 _d21895 |
||